| 000 | 00000nam##2200000za#4500 |
| 001 | 9.696843 |
| 003 | CaOODSP |
| 005 | 20210624235221 |
| 007 | cr ||||||||||| |
| 008 | 150407|2001||||xxc|||||o f|0| 0 eng|d |
| 040 | |aCaOODSP|beng |
| 043 | |an-cn--- |
| 086 | 1 |aE97-68/2001E-PDF |
| 110 | 1 |aCanada.|bInternational Development Research Centre. |
| 245 | 10|aManaging small-scale fisheries : |h[electronic resource]|balternative directions and methods / |c[by] Fikret Berkes... [et al.]. |
| 260 | |aOttawa - Ontario : |bInternational Development Research Centre |cc2001. |
| 300 | |a321p.|bfigs., graphs, references, tables |
| 590 | |a12-41-Supp|b2012-11-07 |
| 690 | 07|aFisheries|2gcpds |
| 690 | 07|aInternational development|2gcpds |
| 720 | 1 |aBerkes, Fikret |
| 856 | 40|ahttp://publications.gc.ca|qPDF|s23.65 MB|uhttps://publications.gc.ca/collections/collection_2012/crdi-idrc/E97-68-2001-eng.pdf |